|
|
|
|
| LEADER |
01329nam a2200289 u 4500 |
| 001 |
10039482 |
| 003 |
GR-PaULI |
| 005 |
20220201095952.0 |
| 008 |
010313s1970 ge lat |
| 952 |
|
|
|0 0
|1 0
|2 ddc
|3 τ.2.2
|4 0
|6 Π_Σ_937_070000000000000_ΤΑΚ
|7 0
|9 216823
|a LISP
|b LISP
|c REF
|d 2017-10-30
|i 23431
|l 0
|o Π/Σ 937.07 ΤΑΚ
|p 025000091839
|r 2017-10-30 00:00:00
|t 1
|v 2017.00
|w 2017-10-30
|y BKN
|
| 999 |
|
|
|c 131451
|d 131451
|
| 040 |
|
|
|a GR-PaULI
|c GR-PaULI
|b gre
|e AACR2
|
| 082 |
0 |
4 |
|a 937.07
|2 23
|
| 100 |
1 |
|
|a Τάκιτος
|d
|e συγγραφέας.
|9 27175
|
| 245 |
1 |
0 |
|a P. Cornelii Taciti libri qui supersunt /
|c edidit Erich Koestermann.
|
| 260 |
|
|
|a Stuttgart :
|b B. G. Teubner,
|c 1970.
|
| 300 |
|
|
|a 2 τ. ;
|c 20 εκ.
|
| 490 |
0 |
|
|a Bibliotheca scriptorum graecorum et romanorum Teubneriana
|v
|
| 500 |
|
|
|a τ. 2.2. - xliv, 128 σ. --
|
| 504 |
|
|
|a
|
| 505 |
0 |
|
|a τ.2-2. Germania, Africola dialogus de Oratoribus --
|a
|a
|a
|
| 600 |
|
4 |
|a Νέρων Κλαύδιος Καίσαρ Αύγουστος Γερμανικός
|d 37-68
|9 5794
|c Αυτοκράτορας της Ρώμης
|
| 651 |
|
4 |
|9 11968
|a Ρώμη
|x Ιστορία
|
| 700 |
1 |
|
|9 165241
|a Koestermann, Erich
|e επιμελητής.
|
| 830 |
|
|
|9 161755
|a Bibliotheca scriptorum graecorum et romanorum Teubneriana
|
| 942 |
|
|
|2 ddc
|c BKN
|
| 998 |
|
|
|c ΜΠΟΥΡΑΣ
|d 2017-10
|